Score 0/20 Timer 03:00
13 Plays Today
Distance Country % Correct
298 kmChina
99%
48 kmSouth Korea
97.5%
420 kmNorth Korea
96.9%
4 km Russia
96.4%
1,757 kmVietnam
90.2%
107 kmTaiwan
85.6%
1,916 km Laos
85.5%
1,987 kmIndonesia
84.8%
539 kmUnited States
84%
2,110 kmThailand
84%
Distance Country % Correct
375 kmPhilippines
82%
1,990 kmCambodia
81.3%
1,623 kmMongolia
81.3%
1,978 kmMalaysia
77.1%
2,575 kmIndia
72.4%
2,249 kmMyanmar
71.2%
2,306 kmBrunei
53%
1,220 kmMicronesia
48.9%
1,648 kmMarshall Islands
46.8%
1,380 kmPalau
45.4%
Remove Ads.
Support Sporcle.
Get the best of Sporcle when you Go Orange. This ad-free experience offers more features, more stats, and more fun while also helping to support Sporcle. Thank you for becoming a member.

You're not logged in!

Compare scores with friends on all Sporcle quizzes.
OR
Log In

Show Comments

Extras

Top Quizzes Today


Score Distribution

Your Account Isn't Verified!

In order to create a playlist on Sporcle, you need to verify the email address you used during registration. Go to your Sporcle Settings to finish the process.

Report this User

Report this user for behavior that violates our Community Guidelines.

Details: